Central Library OPAC University of Rajshahi

Malthus & Lauderdale : (Record no. 42986)

MARC details
000 -LEADER
fixed length control field 01002nam a2200277 a 4500
001 - CONTROL NUMBER
control field 42986
003 - CONTROL NUMBER IDENTIFIER
rucl marc code BD-RjUL
005 - DATE AND TIME OF LATEST TRANSACTION
control field 20211209053628.0
008 - FIXED-LENGTH DATA ELEMENTS--GENERAL INFORMATION
fixed length control field 160618s1961 nyua b 000 0 eng c
035 ## - SYSTEM CONTROL NUMBER
System control number (BD-RjUL)43104
System control number (OCoLC)00399608
System control number (OCoLC)00168872
040 ## - CATALOGING SOURCE
Original cataloging agency Arizona. Univ. Libr.
Transcribing agency MRC
Modifying agency BD-RjUL
Language of cataloging eng
041 ## - LANGUAGE CODE
Language code of text/sound track or separate title eng
082 ## - DEWEY DECIMAL CLASSIFICATION NUMBER
Edition number 23
Classification number 330.153
Author mark and year PAM 1961
100 1# - MAIN ENTRY--PERSONAL NAME
Personal name Paglin, Morton
9 (RLIN) 132002
245 10 - TITLE STATEMENT
Title Malthus & Lauderdale :
Remainder of title the anti-Ricardian tradition /
Statement of responsibility, etc. Morton Paglin
260 ## - PUBLICATION, DISTRIBUTION, ETC. (IMPRINT)
Place of publication, distribution, etc. New York :
Name of publisher, distributor, etc. A.M. Kelley,
Date of publication, distribution, etc. c1961
300 ## - PHYSICAL DESCRIPTION
Pagination 184 p. :
Illustrations ill. ;
Size 21 cm.
500 ## - GENERAL NOTE
General note "An earlier draft of part of this material was submitted as a doctoral dissertation at the University of California, Berkeley, 1956."
504 ## - BIBLIOGRAPHY, ETC. NOTE
Bibliography, etc Includes bibliography.
600 10 - SUBJECT ADDED ENTRY--PERSONAL NAME
Personal name Malthus, T. R.
Fuller form of name (Thomas Robert)
Dates associated with a name 1766-1834.
Personal name Lauderdale, James Maitland
Titles and other words associated with a name Earl of
Dates associated with a name 1759-1839.
Personal name Ricardo, David
Dates associated with a name 1772-1823.
942 ## - ADDED ENTRY ELEMENTS (KOHA)
Source of classification or shelving scheme Dewey Decimal Classification
Koha item type Books
Holdings
Lost status Source of classification or shelving scheme Damaged status Not for loan Collection code Permanent Location Current Location Shelving location Date acquired Source of acquisition Cost, normal purchase price Total Checkouts Full call number Date last seen Copy number Koha item type
  Dewey Decimal Classification     Non-fiction Central Library, University of Rajshahi Central Library, University of Rajshahi   04/12/1968 Zeithlinger 45.00   330.153 PAM 1961 18/06/2016 C-2 Books